تحقیق کا فن / (Record no. 172213)

MARC details
000 -LEADER
fixed length control field 00594nam a22001937a 4500
005 - DATE AND TIME OF LATEST TRANSACTION
control field 20200129124819.0
010 ## - LCCN (DPL NO)
LC control number B-123041
020 ## - INTERNATIONAL STANDARD BOOK NUMBER
Terms of availability 350.00
International Standard Book Number 8182231094
035 ## - SYSTEM CONTROL NUMBER
System control number B-123041
037 ## - SOURCE OF ACQUISITION
Source of stock number/acquisition BPPD/Pub.
082 ## - DEWEY DECIMAL CLASSIFICATION NUMBER
Classification number 840.72
100 ## - MAIN ENTRY--PERSONAL NAME
Personal name گیان چند
245 ## - TITLE STATEMENT
Title تحقیق کا فن /
Statement of responsibility, etc گیان چند
246 ## - VARYING FORM OF TITLE
Title proper/short title Tehqeeq ka Fann (Urdu) /
Remainder of title by Gian Chand
260 ## - PUBLICATION, DISTRIBUTION, ETC. (IMPRINT)
Place of publication, distribution, etc Delhi
Name of publisher, distributor, etc Educational Publishing House
Date of publication, distribution, etc 2005 ء
270 ## - ADDRESS
Address 3108, Vakil Street, Kucha Pandit, Lal Kuan
City Delhi
Postal code 110006
300 ## - PHYSICAL DESCRIPTION
Extent 411p.
Dimensions 22cm(Hb)
942 ## - ADDED ENTRY ELEMENTS (KOHA)
Source of classification or shelving scheme Dewey Decimal Classification
Item type Urdu Bks
Classification part 840.72
Call number suffix چ ن د
Holdings
Withdrawn status Lost status Not for loan Collection code Home library Current library Date acquired Source of acquisition Cost, normal purchase price Full call number Barcode Copy number Cost, replacement price Koha item type
      Non-fiction Central Library Central Library 29/01/2020 BPPD/Ven. 350.00 840.72 چ ن د B-123041 1 350.00 Urdu Bks

© Delhi Public Library
Hit Counter
free hit counter